General history of africa.: (Record no. 38339)
[ view plain ]
| 000 -LEADER | |
|---|---|
| fixed length control field | 00896 2200205 4500 |
| 008 - FIXED-LENGTH DATA ELEMENTS--GENERAL INFORMATION | |
| fixed length control field | 110728t xxu||||| |||| 00| 0 eng d |
| 020 ## - INTERNATIONAL STANDARD BOOK NUMBER | |
| International Standard Book Number | 9966467475 |
| 050 ## - LIBRARY OF CONGRESS CALL NUMBER | |
| Classification number | DT20 |
| Item number | .G45 1990 |
| 245 ## - TITLE STATEMENT | |
| Title | General history of africa.: |
| Remainder of title | Vll Africa under colonial domination 1880-1935/ |
| Statement of responsibility, etc | edited by A. Adu Boahen |
| 250 ## - EDITION STATEMENT | |
| Edition statement | A bridged edition |
| 260 ## - PUBLICATION, DISTRIBUTION, ETC. (IMPRINT) | |
| Name of publisher, distributor, etc | East African Educational Publishers |
| Date of publication, distribution, etc | 1990 |
| Place of publication, distribution, etc | Nairobi |
| 300 ## - PHYSICAL DESCRIPTION | |
| Extent | Xxi,357p. |
| Dimensions | 21cm |
| 440 ## - SERIES STATEMENT/ADDED ENTRY--TITLE | |
| Title | UNESCO |
| 500 ## - GENERAL NOTE | |
| General note | Includes bibliographical refernces and index |
| 650 ## - SUBJECT ADDED ENTRY--TOPICAL TERM | |
| Topical term following geographic name as entry element | African-history |
| 700 ## - ADDED ENTRY--PERSONAL NAME | |
| Personal name | A.Adu Boahen (ed.) |
| 942 ## - ADDED ENTRY ELEMENTS (KOHA) | |
| Item type | Book |
| Source of classification or shelving scheme | Library of Congress Classification |
| Withdrawn status | Lost status | Source of classification or shelving scheme | Damaged status | Not for loan | Collection code | Home library | Current library | Shelving location | Date acquired | Source of acquisition | Total Checkouts | Full call number | Barcode | Date last seen | Date last borrowed | Copy number | Price effective from | Koha item type | Total Renewals |
|---|---|---|---|---|---|---|---|---|---|---|---|---|---|---|---|---|---|---|---|
| Library of Congress Classification | Non-fiction | Bishop Okullu Memorial Library (Limuru Campus) | Bishop Okullu Memorial Library (Limuru Campus) | General Circulation | 28/07/2011 | purchase | 9 | DT20 .G45 1990 | 027248 | 29/02/2024 | 26/02/2024 | 1 | 28/07/2011 | Book | |||||
| Library of Congress Classification | Non-fiction | Nairobi Campus | Nairobi Campus | General Circulation | 28/07/2011 | purchase | 1 | DT20 .G45 1990 | 027249 | 17/03/2025 | 17/02/2025 | 2 | 28/07/2011 | Book | 1 |